| 000 | 01004nam a2200253 a 4500 | ||
|---|---|---|---|
| 999 |
_c12477 _d12477 |
||
| 001 | 12477 | ||
| 003 | BD-JhCC | ||
| 005 | 20220811134024.0 | ||
| 008 | 220228s20192020bg |||| |||| 000 0 ban d | ||
| 020 | _a9789849495130 | ||
| 035 | _a(BD-JhCC)12477 | ||
| 040 |
_aBD-JhCC _dBD-JhCC |
||
| 041 | _aban | ||
| 082 |
_a297.1971 _bGOR 2020 |
||
| 100 | _aগরমেজ, ড. মেহমেদ | ||
| 245 |
_aইসলামী জ্ঞানে উসূলের ধারা / _cড. মেহমেদ গরমেজ, অনু. বুরহান উদ্দিন, সম্পা. শাহ আব্দুল হান্নান |
||
| 260 |
_aঢাকা : _bমক্তব প্রকাশন _c২০২০। |
||
| 300 |
_a১৭১ পৃ. : _c২১ সেমি. |
||
| 650 | _aIslamic education | ||
| 650 | _aKnowledge, Theory of (Islam) | ||
| 700 | _aউদ্দিন, বুরহান | ||
| 700 | _aআব্দুল হান্নান, শাহ | ||
| 942 |
_2ddc _cBK _04 |
||